| 000 | 00503pam a2200169 4500 | ||
|---|---|---|---|
| 020 | _a0070676542 | ||
| 082 | 0 | 0 |
_a624.1834 _bcon |
| 100 | 1 |
_aWaddell, Joseph J. _943087 |
|
| 245 | 1 | 0 |
_aConcrete construction handbook. _cJoseph J. Waddell, editor-in-chief. |
| 250 | _a2d ed. | ||
| 260 |
_aNew York, _bMcGraw-Hill _c[1974] |
||
| 300 |
_a1 v. (various pagings) _billus. _c24 cm. |
||
| 526 |
_a0 _b0 _c0 _d624_183400000000000_CON |
||
| 650 | 0 | _aConcrete construction. | |
| 650 | 0 |
_aMCE _9379 |
|
| 942 |
_2ddc _cBK |
||
| 999 |
_c546889 _d546889 |
||